ბათუმის შოთა რუსთაველის სახელმწიფო უნივერსიტეტის ბიბლიოთეკა

Социология воображения международных отношений : (ბიბ.ჩანაწერი № 54289)

000 -LEADER
fixed length control field 00869nam a2200253Ia 4500
001 - CONTROL NUMBER
control field 21345
003 - CONTROL NUMBER IDENTIFIER
control field GE_BSU
005 - DATE AND TIME OF LATEST TRANSACTION
control field 20210910171453.0
008 - FIXED-LENGTH DATA ELEMENTS--GENERAL INFORMATION
fixed length control field 181216s2017||||ru |||||||||||||| ||rus||
020 ## - INTERNATIONAL STANDARD BOOK NUMBER
International Standard Book Number 9785160123110
040 ## - CATALOGING SOURCE
Transcribing agency GE_BSU
041 ## - LANGUAGE CODE
Language code of text/sound track or separate title rus
080 ## - UNIVERSAL DECIMAL CLASSIFICATION NUMBER
Universal Decimal Classification number 316(075.4) Т-35
100 ## - MAIN ENTRY--PERSONAL NAME
Personal name Терновая, Л. О.
9 (RLIN) 12451
245 ## - TITLE STATEMENT
Title Социология воображения международных отношений :
Remainder of title Монография /
Statement of responsibility, etc. Л. О. Терновая.
264 ## - PRODUCTION, PUBLICATION, DISTRIBUTION, MANUFACTURE, AND COPYRIGHT NOTICE
Place of production, publication, distribution, manufacture Москва :
Name of producer, publisher, distributor, manufacturer Инфра-М,
Date of production, publication, distribution, manufacture, or copyright notice 2017.
300 ## - PHYSICAL DESCRIPTION
Extent 253 стр. :
Dimensions 22 см.
440 ## - SERIES STATEMENT/ADDED ENTRY--TITLE
Title Научная мысль
9 (RLIN) 12452
653 ## - INDEX TERM--UNCONTROLLED
keyword Монография
653 ## - INDEX TERM--UNCONTROLLED
keyword Социология воображения международных отношений
653 ## - INDEX TERM--UNCONTROLLED
keyword სოციოლოგია
942 ## - ADDED ENTRY ELEMENTS (KOHA)
Koha item type წიგნი
Source of classification or shelving scheme
ეგზემპლარები
Withdrawn status Lost status Source of classification or shelving scheme Damaged status Not for loan Permanent Location Current Location Shelving location Date acquired Cost, normal purchase price Full call number Barcode Date last seen Copy number Price effective from Koha item type Public note
          ბათუმის შოთა რუსთაველის სახელმწიფო უნივერსიტეტის მთავარი ბიბლიოთეკა ბათუმის შოთა რუსთაველის სახელმწიფო უნივერსიტეტის მთავარი ბიბლიოთეკა წიგნსაცავი 2018-12-17 63.00 316(075.4) Т-35 55272 2018-12-17 55272 2018-12-17 წიგნი 63.00 GEL.